Statistisches Jahrbuch Nordrhein-Westfalen 2002 44. Jahrgang
Guardado en:
| Formato: | Libro |
|---|---|
| Lenguaje: | alemán |
| Publicado: |
Düsseldorf
Landesamt für Datenverarbeitung und Statistik Nordrhein-Westfalen
2002
|
| Materias: | |
| Etiquetas: |
Sin Etiquetas, Sea el primero en etiquetar este registro!
|
MARC
| LEADER | 00000nam a2200000 4500 | ||
|---|---|---|---|
| 001 | c141160 | ||
| 005 | 20250728075055.1 | ||
| 020 | |a 3-935372-24-8 | ||
| 022 | |a 0468-656X | ||
| 041 | 0 | |a ger | |
| 044 | |a DE | ||
| 245 | 1 | 0 | |a Statistisches Jahrbuch Nordrhein-Westfalen 2002 |b 44. Jahrgang |
| 264 | 1 | |a Düsseldorf |b Landesamt für Datenverarbeitung und Statistik Nordrhein-Westfalen |c 2002 | |
| 300 | |a 787 s. |e 1 CD-ROM | ||
| 610 | 2 | 0 | |a obyvateľstvo |
| 610 | 2 | 0 | |a zdravotníctvo |
| 610 | 2 | 0 | |a vzdelanie |
| 610 | 2 | 0 | |a právo |
| 610 | 2 | 0 | |a voľby |
| 610 | 2 | 0 | |a zamestnanosť |
| 610 | 2 | 0 | |a poľnohospodárstvo |
| 610 | 2 | 0 | |a podnikanie |
| 610 | 2 | 0 | |a stavebníctvo |
| 610 | 2 | 0 | |a obchod |
| 610 | 2 | 0 | |a doprava |
| 610 | 2 | 0 | |a peniaze |
| 610 | 2 | 0 | |a politika sociálna |
| 610 | 2 | 0 | |a financie |
| 610 | 2 | 0 | |a ceny |
| 610 | 2 | 0 | |a mzdy |
| 610 | 2 | 0 | |a spotreba |
| 610 | 2 | 0 | |a účty národné |
| 610 | 2 | 0 | |a Nemecko |